Postavenie nemocenského poistenia v systéme sociálneho zabezpečenia vo vybraných krajinách EÚ diplomová práca

Salvato in:
Dettagli Bibliografici
Autore principale: Antalová, Martina
Ente Autore: Národohospodárska fakulta EU. Katedra sociálneho rozvoja a práce
Altri autori: Ošková, Silvia, 1979-
Natura: Libro
Lingua:slovacco
Pubblicazione: Bratislava 2012
Tags: Aggiungi Tag
Nessun Tag, puoi essere il primo ad aggiungerne!!

MARC

LEADER 00000nbm a2200000 4500
001 0152190
005 20161109102018.0
041 0 |a slo 
044 |a SK 
245 1 0 |a Postavenie nemocenského poistenia v systéme sociálneho zabezpečenia vo vybraných krajinách EÚ  |b diplomová práca  |c Martina Antalová ; školiteľ: Silvia Šipikalová 
264 1 |a Bratislava  |c 2012 
300 |a 71 s. 
100 1 |a Antalová, Martina 
700 1 |a Ošková, Silvia, 1979- 
710 2 |a Národohospodárska fakulta EU. Katedra sociálneho rozvoja a práce